01863cam a2200433 a 45000010008000000030009000080050017000170080041000340200015000750200018000900400038001080430012001460820021001581000045001792450127002242640052003513000026004033360026004293370028004553380027004835040051005106000064005616000046006256000067006716000036007386500058007746500073008326500074009056500055009796500048010346500049010826500042011316510010011736530026011836550024012099420025012339990017012589520154012754034559EG-ScBUE20220116100021.0981109s1999 enk f b f001 0deng d a052166036X a9780521660365 aDLCbengerdacDLCdDLCdEG-ScBUE ae-ie---04a823.912bBOH2221 aBoheemen, Christine van,eauthor.93721410aJoyce, Derrida, Lacan, and the trauma of history :breading, narrative and postcolonialism /cChristine van Boheemen-Saaf. 1aCambridge :bCambridge University Press,c1999. ax, 227 pages ;c24 cm 2rdacontentatextbtxt 2rdamediaaunmediatedbn 2rdacarrieravolumebnc aIncludes bibliographical references and index.17aJoyce, James,d1882-1941xKnowledgexHistory.2BUEsh93721517aLacan, Jacques,d1901-1981.2BUEsh93721617aJoyce, James,d1882-1941xKnowledgexPsychology.2BUEsh93721717aDerrida, Jacques.2BUEsh937218 7aPsychoanalysis and literaturezIreland.2BUEsh937219 7aPsychological fiction, EnglishxHistory and criticism.2BUEsh937220 7aLiterature and historyzIrelandxHistoryy20th century.2BUEsh937221 7aPostmodernism (Literature)zIreland.2BUEsh937222 7aPsychic trauma in literature.2BUEsh937223 7aPostcolonialism in literature.2BUEsh937224 7aColonies in literature.2BUEsh937225 2BUEsh cJanuary2015bHHUUEENN vReading book934232 2ddck823.912 BOHcBB c18896d18868 00102ddc40708BaccahaMAINbMAINc2NDd2015-01-18epurchaseg720.00h21291l0o823.912 BOHp000037319r2025-07-15 00:00:00v900.00w2015-01-18yBB